Top 30 NBA 2018-19 Point Guards - Statistics

General Stats
  • This quiz has been taken 3,376 times
  • The average score is 20 of 30
Answer Stats
Rank Player Team % Correct
1 Stephen Curry Warriors
100%
2 Russell Westbrook Thunder
99%
4 Damian Lillard Trail Blazers
97%
5 Chris Paul Rockets
93%
3 Kyrie Irving Celtics
92%
7 John Wall Wizards
90%
10 Kyle Lowry Raptors
89%
9 Kemba Walker Hornets
87%
6 Ben Simmons 76ers
84%
8 Jrue Holiday Pelicans
83%
11 Mike Conley Grizzlies
83%
14 Jamal Murray Nuggets
81%
26 Dejounte Murray Spurs
80%
24 D'Angelo Russell Nets
71%
16 Lonzo Ball Lakers
70%
22 De'Aaron Fox Kings
65%
13 Eric Bledsoe Bucks
63%
12 Goran Dragic Heat
63%
28 Rajon Rondo Lakers
59%
17 Ricky Rubio Jazz
56%
23 Isaiah Thomas Nuggets
55%
25 Fred VanVleet Raptors
53%
19 Reggie Jackson Pistons
53%
18 Jeff Teague Timberwolves
44%
20 Terry Rozier Celtics
44%
30 Patrick Beverley Clippers
42%
29 Spencer Dinwiddie Nets
42%
27 Dennis Schröder Thunder
40%
21 Dennis Smith Jr. Mavericks
36%
15 Darren Collison Pacers
34%
No matching quizzes found
Score Distribution
Percent of People with Each Score
Percentile by Number Answered
Your Score History
You have not taken this quiz